<?xml version="1.0" encoding="UTF-8"?><?xml-stylesheet type="text/xsl" href="static/style.xsl"?><OAI-PMH xmlns="http://www.openarchives.org/OAI/2.0/" xmlns:xsi="http://www.w3.org/2001/XMLSchema-instance" xsi:schemaLocation="http://www.openarchives.org/OAI/2.0/ http://www.openarchives.org/OAI/2.0/OAI-PMH.xsd"><responseDate>2026-04-17T17:34:42Z</responseDate><request verb="GetRecord" identifier="oai:www.recercat.cat:10256/10428" metadataPrefix="marc">https://recercat.cat/oai/request</request><GetRecord><record><header><identifier>oai:recercat.cat:10256/10428</identifier><datestamp>2024-06-14T09:48:42Z</datestamp><setSpec>com_2072_452955</setSpec><setSpec>com_2072_2054</setSpec><setSpec>col_2072_453065</setSpec></header><metadata><record xmlns="http://www.loc.gov/MARC21/slim" xmlns:dcterms="http://purl.org/dc/terms/" xmlns:xsi="http://www.w3.org/2001/XMLSchema-instance" xmlns:doc="http://www.lyncode.com/xoai" xsi:schemaLocation="http://www.loc.gov/MARC21/slim http://www.loc.gov/standards/marcxml/schema/MARC21slim.xsd">
   <leader>00925njm 22002777a 4500</leader>
   <datafield ind2=" " ind1=" " tag="042">
      <subfield code="a">dc</subfield>
   </datafield>
   <datafield ind2=" " ind1=" " tag="720">
      <subfield code="a">Carreras, Carla</subfield>
      <subfield code="e">author</subfield>
   </datafield>
   <datafield ind2=" " ind1=" " tag="260">
      <subfield code="c">2015</subfield>
   </datafield>
   <datafield ind2=" " ind1=" " tag="520">
      <subfield code="a">In Dewey, philosophy and education are inseparable. It is often forgotten that Dewey’s conception of school and education has only been possible because he conceived thought in terms of lived experience, of constantly tested experience, of incessant research; in other words, of 'continuous search' of 'effective means of action'. In addition, according to Dewey, true education is an education in democracy, and that means investing in an education that deals with thought. The service to democratic progress is done precisely through an education in reasonability and taking into account the experience</subfield>
   </datafield>
   <datafield ind2=" " ind1=" " tag="520">
      <subfield code="a">En Dewey, filosofia i educació són indestriables. Sovint s’oblida que la concepció deweyana de l’escola i de l’educació només ha estat possible perquè Dewey concebia el pensament en termes d’experiència viscuda, d’experiència constantment posada a prova, de recerca sempre posada en qüestió; en altres termes, de 'recerca contínua' de&#xd;
'vies d’acció efectives'. Però a més, per Dewey, la vertadera educació és una educació per a la democràcia, i significa apostar per una educació que s’ocupi del fet de pensar. El servei al progrés democràtic es fa precisament a través d’una educació en la raonabilitat i tenint en compte l’experiència</subfield>
   </datafield>
   <datafield ind2=" " ind1=" " tag="520">
      <subfield code="a">En Dewey, filosofía y educación son inseparables. A menudo se olvida que la concepción deweyana de la escuela y de la educación sólo ha sido posible porque Dewey concebía el pensamiento en términos de experiencia vivida, de experiencia constantemente puesta a prueba, de investigación incesante; en otros términos, de 'búsqueda continua' de 'vías de acción efectivas'. Pero además, según Dewey, la verdadera educación es una educación para la democracia, y eso significa apostar por una educación que se ocupe del pensar. El servicio al progreso democrático se hace precisamente a través de una educación en la razonabilidad y teniendo en cuenta la experiencia</subfield>
   </datafield>
   <datafield ind1="8" ind2=" " tag="024">
      <subfield code="a">http://hdl.handle.net/10256/10428</subfield>
   </datafield>
   <datafield tag="653" ind2=" " ind1=" ">
      <subfield code="a">Dewey, John, 1859-1952</subfield>
   </datafield>
   <datafield tag="653" ind2=" " ind1=" ">
      <subfield code="a">Pragmatisme</subfield>
   </datafield>
   <datafield tag="653" ind2=" " ind1=" ">
      <subfield code="a">Pragmatism</subfield>
   </datafield>
   <datafield tag="653" ind2=" " ind1=" ">
      <subfield code="a">Democràcia i educació</subfield>
   </datafield>
   <datafield tag="653" ind2=" " ind1=" ">
      <subfield code="a">Democracy and education</subfield>
   </datafield>
   <datafield ind2="0" ind1="0" tag="245">
      <subfield code="a">John Dewey i l’educació democràtica = John Dewey and democratic education</subfield>
   </datafield>
</record></metadata></record></GetRecord></OAI-PMH>